| 000 | 01335cam a2200241 4500 | ||
|---|---|---|---|
| 001 | X113467 | ||
| 008 | 000000n2001 000 0 eng u | ||
| 035 | _a(Sirsi) u113467 | ||
| 100 | _aMinogue, A. | ||
| 245 | 4 | _aThe can-carriers | |
| 260 | _c2001 | ||
| 490 |
_aBuilding _v266(8188) 15 June 2001, 55(1) |
||
| 520 | _aAccording to recent case law project managers have a duty to assess and report any deficiencies in the performance of the other consultants to the client, should have enough knowledge about contract administration and law to ward off claims that are without merit and to advise on starting proceedings before the end of the limitation period, must advise on and assess the suitability of insurance arrangements by contractors, must advise of potential fire hazards, and may be liable for defective work if they issue certificates as the employer's agent under the JCT98 With Contractors Design. | ||
| 650 | _aCHESHAM PROPERTIES LTD V BUCKNALL AUSTIN PROJECT MANAGEMENT SERVICES LTD | ||
| 650 | _aDUTY OF CARE | ||
| 650 | _aGEORGE FISCHER HOLDING LTD V MULTI DESIGN CONSULTANTS LTD | ||
| 650 | _aLIABILITY | ||
| 650 | _aPOZZOLANIC LYTAG LTD V BRYAN HOBSON ASSOCIATES | ||
| 650 | _aPRIDE VALLEY FOODS V HALL & PARTNERS | ||
| 650 | _aPROJECT MANAGERS | ||
| 690 |
_aProject management _96261 |
||
| 942 | _n0 | ||
| 999 |
_c67601 _d67601 |
||